Major Developed Countries with NO Apple Store Locations - Statistics

General Stats
  • This quiz has been taken 31 times
  • The average score is 5 of 6
Answer Stats
Hint Answer % Correct
Oceania New Zealand
96%
Europe Norway
88%
Europe Finland
85%
Europe Denmark
81%
Asia Singapore
81%
Asia South Korea
73%
No matching quizzes found
Score Distribution
Percent of People with Each Score
Percentile by Number Answered
Your Score History
You have not taken this quiz